| 000 | 00420cam a22001097a 4500 | ||
|---|---|---|---|
| 008 | 180718b1984 xxu||||| |||| 00| 0 eng d | ||
| 082 | _aT000x5444 K147ev/1965-83 | ||
| 245 |
_aCompendium of evalution studies 1965-83 _cby Institutional Finance And Statistics Department |
||
| 260 |
_aBangalore _bkarnataka Government Secretariat _c1984 |
||
| 300 | _a86p. | ||
| 700 | _aKarnataka. Institutional Finance And Statistics Department | ||
| 999 |
_c497032 _d497032 |
||